000 00270nam a22001217a 4500
008 180208b xxu||||| |||| 00| 0 eng d
041 _aeng
080 _a32
100 _a22
101 _aPOL
245 _aAMERICAN POLITICAL EXPERIENCE
_cLESTER.L
942 _2udc
_cBK
999 _c42072
_d42072